[Event "Toronto op"]
[Site "Toronto CAN"]
[Date "2024.09.01"]
[Round "4"]
[White "Lu, Eddie"]
[Black "Cummings, David"]
[Result "1-0"]
[WhiteElo "1851"]
[BlackElo "2278"]
[PlyCount "63"]
[GameId "2160767905784256"]
[EventDate "2024.08.31"]
[EventType "swiss"]
[EventRounds "6"]
[EventCountry "CAN"]
[SourceTitle "EXT 2025"]
[Source "ChessBase"]
[SourceDate "2024.10.14"]
[SourceVersion "1"]
[SourceVersionDate "2024.10.14"]
[SourceQuality "1"]

1. e4 c6 2. Ne2 d5 3. e5 Bf5 4. Nd4 Bd7 5. Nb3 e6 6. d4 a5 7. a4 Na6 8. c3 c5 9. Bxa6 Rxa6 10. dxc5 Qc7 11. O-O Bxc5 12. Nxc5 Qxc5 13. Qg4 g6 14. b3 Qc7 15. Re1 h6 16. Ba3 Qd8 17. c4 Ne7 18. Nc3 O-O 19. Qf4 Bc6 20. Rad1 g5 21. Qf6 Re8 22. Bxe7 Qxe7 23. Qxh6 Qf8 24. Qxg5+ Qg7 25. Qxg7+ Kxg7 26. cxd5 exd5 27. Nxd5 Rd8 28. Nf6 Rxd1 29. Rxd1 Rb6 30. Rd8 Rxb3 31. Rg8+ Kh6 32. h4 1-0

[Event "Toronto op"]
[Site "Toronto CAN"]
[Date "2024.09.02"]
[Round "5"]
[White "Cummings, David"]
[Black "Huang, Youhe"]
[Result "1/2-1/2"]
[WhiteElo "2278"]
[BlackElo "2048"]
[PlyCount "55"]
[GameId "2160767905784266"]
[EventDate "2024.08.31"]
[EventType "swiss"]
[EventRounds "6"]
[EventCountry "CAN"]
[SourceTitle "EXT 2025"]
[Source "ChessBase"]
[SourceDate "2024.10.14"]
[SourceVersion "1"]
[SourceVersionDate "2024.10.14"]
[SourceQuality "1"]

1. Nf3 d5 2. e3 Nf6 3. c4 e6 4. Nc3 a6 5. b3 c5 6. Bb2 Nc6 7. cxd5 exd5 8. d4 cxd4 9. Nxd4 Bc5 10. Nxc6 bxc6 11. Be2 h5 12. Rc1 Qd6 13. Bf3 Ra7 14. Na4 Bb4+ 15. Bc3 Ba3 16. Bd4 Bxc1 17. Bxa7 Ba3 18. Qd4 Bb4+ 19. Kf1 a5 20. Bc5 Ba6+ 21. Be2 Bxe2+ 22. Kxe2 Bxc5 23. Qxc5 Qxc5 24. Nxc5 Ke7 25. Rc1 Rb8 26. f3 Nd7 27. e4 Rb5 28. Nxd7 1/2-1/2

[Event "Toronto op"]
[Site "Toronto CAN"]
[Date "2024.09.02"]
[Round "6"]
[White "Barron, Michael"]
[Black "Cummings, David"]
[Result "0-1"]
[WhiteElo "2099"]
[BlackElo "2278"]
[PlyCount "98"]
[GameId "2160767905784278"]
[EventDate "2024.08.31"]
[EventType "swiss"]
[EventRounds "6"]
[EventCountry "CAN"]
[SourceTitle "EXT 2025"]
[Source "ChessBase"]
[SourceDate "2024.10.14"]
[SourceVersion "1"]
[SourceVersionDate "2024.10.14"]
[SourceQuality "1"]

1. e4 c6 2. d4 d5 3. exd5 cxd5 4. Bd3 Nc6 5. c3 Nf6 6. Bf4 Bg4 7. Qb3 Qd7 8. Nd2 e6 9. Ngf3 Bxf3 10. Nxf3 Bd6 11. Bxd6 Qxd6 12. O-O O-O 13. Rae1 Qc7 14. Qc2 g6 15. Qd2 Kg7 16. h3 Rab8 17. Ne5 Nxe5 18. Rxe5 b5 19. a3 a5 20. f4 h6 21. g4 b4 22. cxb4 axb4 23. a4 Qb6 24. Qf2 Ne4 25. Bxe4 f6 26. Rxd5 exd5 27. Bxd5 Rfd8 28. Bc4 Rxd4 29. a5 Qd6 30. b3 Re8 31. f5 g5 32. Qh2 Re5 33. a6 Rd2 34. Qg3 Qb6+ 35. Rf2 Re3 36. Qg2 Rd1+ 37. Bf1 Qxa6 38. Rd2 Ree1 39. Rxd1 Rxd1 40. Qf3 Qa7+ 41. Kh2 Qc7+ 42. Kg1 Qd7 43. Kh2 Qd5 44. Qxd5 Rxd5 45. Bc4 Rd4 46. Be6 Kf8 47. Kg3 Rd3+ 48. Kg2 Ke7 49. Bc4 Rc3 0-1

[Event "Ontario op"]
[Site "Toronto CAN"]
[Date "2024.05.18"]
[Round "1.7"]
[White "Campbell, Ryan"]
[Black "Cummings, David"]
[Result "0-1"]
[WhiteElo "2028"]
[BlackElo "2317"]
[PlyCount "154"]
[GameId "2160767905935257"]
[EventDate "2024.05.18"]
[EventType "swiss"]
[EventRounds "6"]
[EventCountry "CAN"]
[SourceTitle "10 Days #760"]
[Source "ChessMix"]
[SourceDate "2024.06.01"]
[SourceVersion "1"]
[SourceVersionDate "2024.06.01"]
[SourceQuality "1"]

1. d4 Nf6 2. c4 e6 3. Nc3 Bb4 4. e3 O-O 5. Bd3 d5 6. a3 Bxc3+ 7. bxc3 dxc4 8. Bxc4 c5 9. Nf3 Qc7 10. Be2 Nc6 11. O-O Rd8 12. c4 e5 13. d5 e4 14. Nd2 Ne5 15. Re1 Bf5 16. Bb2 Qe7 17. a4 Ne8 18. Qc2 Nd6 19. Qc3 f6 20. a5 Qe8 21. Rf1 Qg6 22. Kh1 Re8 23. Rae1 h5 24. Rg1 Bg4 25. f3 Bf5 26. Qb3 Qf7 27. Qd1 h4 28. Bxe5 Rxe5 29. f4 Re7 30. g4 hxg3 31. hxg3 Bd7 32. Kg2 g6 33. Rh1 Kg7 34. Rh2 Ree8 35. Reh1 Rh8 36. Qb1 Qe7 37. g4 Rxh2+ 38. Rxh2 Rh8 39. Rxh8 Kxh8 40. Kg3 g5 41. f5 Qe5+ 42. Kg2 Qc3 43. Nxe4 Qxe3 44. Ng3 Kg7 45. Qb2 Be8 46. Qc2 Bf7 47. Qd3 Qe5 48. Bf3 Qb2+ 49. Be2 Qe5 50. Kf3 Qf4+ 51. Kg2 Kf8 52. Bf3 Qxc4 53. Qxc4 Nxc4 54. Ne4 Ke7 55. Nxc5 Nxa5 56. Kf2 b6 57. Ne6 Nc4 58. Be2 Ne5 59. Ke3 Kd6 60. Kd4 Be8 61. Ng7 Bf7 62. Ne6 Nd7 63. Bc4 Nc5 64. Ng7 a6 65. Ne6 Be8 66. Ng7 Ba4 67. Nh5 Nd7 68. Bxa6 Bd1 69. Ng3 Bxg4 70. Bc8 Nc5 71. Be6 b5 72. Kc3 Bf3 73. Kd4 g4 74. Nh5 b4 75. Kc4 b3 76. Kc3 Bd1 77. Kb2 Nd3+ 0-1

[Event "Ontario op"]
[Site "Toronto CAN"]
[Date "2024.05.19"]
[Round "3.4"]
[White "Cummings, David"]
[Black "Moses, Neil"]
[Result "1/2-1/2"]
[WhiteElo "2317"]
[BlackElo "1890"]
[PlyCount "80"]
[GameId "2160767905935288"]
[EventDate "2024.05.18"]
[EventType "swiss"]
[EventRounds "6"]
[EventCountry "CAN"]
[SourceTitle "10 Days #760"]
[Source "ChessMix"]
[SourceDate "2024.06.01"]
[SourceVersion "1"]
[SourceVersionDate "2024.06.01"]
[SourceQuality "1"]

1. c4 Nf6 2. Nc3 e6 3. e4 d5 4. cxd5 exd5 5. e5 d4 6. exf6 dxc3 7. Bb5+ c6 8. Qe2+ Be6 9. Bc4 Qxf6 10. dxc3 Bc5 11. Bxe6 Qxe6 12. Qxe6+ fxe6 13. Nf3 O-O 14. O-O Nd7 15. Re1 Rae8 16. Be3 Bxe3 17. Rxe3 Re7 18. Rae1 Rfe8 19. c4 e5 20. Ng5 Nf6 21. f3 h6 22. Ne4 Nxe4 23. Rxe4 Kf7 24. Rd1 Kf6 25. Kf2 c5 26. Rd5 b6 27. Ke2 Rc8 28. Rd6+ Kf7 29. h4 Rcc7 30. g4 Rb7 31. g5 hxg5 32. hxg5 Re6 33. Rd5 Rbe7 34. Ke3 Kg6 35. Rg4 Kf5 36. Rg2 Re8 37. b3 R8e7 38. Rd8 Re8 39. Rd5 R8e7 40. Rd8 Re8 1/2-1/2

[Event "CAN-ch"]
[Site "Toronto CAN"]
[Date "2024.03.27"]
[Round "1"]
[White "Clyde, Jordan"]
[Black "Cummings, David"]
[Result "0-1"]
[WhiteElo "2085"]
[BlackElo "2333"]
[PlyCount "110"]
[GameId "2160767906027124"]
[EventDate "2024.03.27"]
[EventType "swiss"]
[EventRounds "10"]
[EventCountry "CAN"]
[SourceTitle "CBM 219 Extra"]
[Source "ChessBase"]
[SourceDate "2024.05.31"]
[SourceVersion "1"]
[SourceVersionDate "2024.05.31"]
[SourceQuality "1"]

1. f4 d5 2. Nf3 c5 3. e3 g6 4. Be2 Bg7 5. O-O Nf6 6. d3 b6 7. Ne5 O-O 8. Nd2 Bb7 9. a4 Nc6 10. Ndf3 Nd7 11. d4 e6 12. Nxd7 Qxd7 13. c3 f6 14. dxc5 bxc5 15. a5 Rad8 16. b4 f5 17. b5 Nb8 18. Qb3 Rfe8 19. Ba3 Qc8 20. a6 Ba8 21. b6 axb6 22. Qxb6 c4 23. a7 Nd7 24. Qa5 e5 25. fxe5 Nxe5 26. Nd4 Nc6 27. Nxc6 Qxc6 28. Bf3 Be5 29. Bc1 Bc7 30. Qb4 Bd6 31. Qa5 Bc5 32. Kh1 Rd7 33. Rd1 Bxa7 34. Rxd5 Rxd5 35. Bxd5+ Qxd5 36. Qxd5+ Bxd5 37. Rxa7 Rb8 38. Ra1 Rb3 39. Bd2 Rb2 40. Rd1 Bc6 41. Kg1 Ra2 42. Be1 Rxg2+ 43. Kf1 Rxh2 44. Rd4 Rc2 45. Kg1 Rg2+ 46. Kf1 Rg4 47. Rd6 Be4 48. Bd2 h5 49. Bc1 h4 50. Ba3 h3 51. Rd8+ Kf7 52. Rd7+ Ke6 53. Re7+ Kf6 54. Rh7 Bd3+ 55. Ke1 Rg1+ 0-1

[Event "CAN-ch"]
[Site "Toronto CAN"]
[Date "2024.03.28"]
[Round "2"]
[White "Cummings, David"]
[Black "Doknjas, John"]
[Result "1/2-1/2"]
[WhiteElo "2333"]
[BlackElo "2190"]
[PlyCount "70"]
[GameId "2160767906027155"]
[EventDate "2024.03.27"]
[EventType "swiss"]
[EventRounds "10"]
[EventCountry "CAN"]
[SourceTitle "CBM 219 Extra"]
[Source "ChessBase"]
[SourceDate "2024.05.31"]
[SourceVersion "1"]
[SourceVersionDate "2024.05.31"]
[SourceQuality "1"]

1. Nf3 c5 2. c4 Nf6 3. Nc3 e6 4. g3 b6 5. Bg2 Bb7 6. O-O Be7 7. d4 cxd4 8. Qxd4 O-O 9. Rd1 d6 10. Bg5 h6 11. Bxf6 Bxf6 12. Qf4 g5 13. Qe3 Qe7 14. Nd4 Bxg2 15. Kxg2 a6 16. Rab1 Rd8 17. Ne4 Bg7 18. Nd2 Qb7+ 19. Kg1 b5 20. a3 b4 21. axb4 Qxb4 22. Nxe6 fxe6 23. Qxe6+ Kh8 24. Ne4 Ra7 25. Nxd6 Rf8 26. Nf5 Qc5 27. Rd5 Qc8 28. Nxg7 Kxg7 29. Qe5+ Rf6 30. Rbd1 Nc6 31. Qc3 Raf7 32. b4 Kh7 33. Qc2+ Kg7 34. Qc3 Kh7 35. Qc2+ Kg7 1/2-1/2

[Event "CAN-ch"]
[Site "Toronto CAN"]
[Date "2024.03.28"]
[Round "3"]
[White "Kalinin, Dmitry2"]
[Black "Cummings, David"]
[Result "1/2-1/2"]
[WhiteElo "1997"]
[BlackElo "2333"]
[PlyCount "50"]
[GameId "2160767906027187"]
[EventDate "2024.03.27"]
[EventType "swiss"]
[EventRounds "10"]
[EventCountry "CAN"]
[SourceTitle "CBM 219 Extra"]
[Source "ChessBase"]
[SourceDate "2024.05.31"]
[SourceVersion "1"]
[SourceVersionDate "2024.05.31"]
[SourceQuality "1"]

1. d4 Nf6 2. c4 e6 3. Nc3 Bb4 4. Qc2 c5 5. dxc5 O-O 6. Nf3 Na6 7. a3 Bxc3+ 8. Qxc3 Nxc5 9. e3 b6 10. Be2 Ba6 11. b4 Nce4 12. Qb3 Rc8 13. Bb2 d5 14. cxd5 Bxe2 15. Kxe2 Qxd5 16. Qxd5 Nxd5 17. Rhc1 f6 18. Nd4 e5 19. Nc6 Rc7 20. b5 Nc5 21. Rd1 Ne7 22. Nxe7+ Rxe7 23. Bc3 Rc7 24. Bb4 Rfc8 25. Rac1 Nb7 1/2-1/2

[Event "CAN-ch"]
[Site "Toronto CAN"]
[Date "2024.03.29"]
[Round "4"]
[White "Cummings, David"]
[Black "Jodar Arias, Marlon"]
[Result "1-0"]
[WhiteElo "2333"]
[BlackElo "2209"]
[PlyCount "120"]
[GameId "2160767906027217"]
[EventDate "2024.03.27"]
[EventType "swiss"]
[EventRounds "10"]
[EventCountry "CAN"]
[SourceTitle "CBM 219 Extra"]
[Source "ChessBase"]
[SourceDate "2024.05.31"]
[SourceVersion "1"]
[SourceVersionDate "2024.05.31"]
[SourceQuality "1"]

1. c4 e5 2. Nc3 Nf6 3. Nf3 Nc6 4. g3 Bb4 5. Nd5 Bc5 6. Bg2 d6 7. O-O O-O 8. d3 Nxd5 9. cxd5 Ne7 10. d4 exd4 11. Nxd4 Nf5 12. Nb3 Bb6 13. e4 Ne7 14. a4 a6 15. Nd4 Ng6 16. b3 h5 17. Be3 Bg4 18. f3 Bd7 19. f4 Bg4 20. Qd2 Bd7 21. a5 Ba7 22. Nf3 Bxe3+ 23. Qxe3 Re8 24. Qd4 c6 25. dxc6 Bxc6 26. Rfe1 Qc7 27. b4 Re7 28. Ng5 Rae8 29. Rac1 f6 30. Nh3 Qd7 31. Nf2 d5 32. Red1 Kh8 33. Bf3 dxe4 34. Qxd7 Bxd7 35. Bxe4 Kh7 36. Rc5 Kh6 37. Rdd5 f5 38. Bxf5 Bxf5 39. Rxf5 Kh7 40. Rxh5+ Kg8 41. Rhg5 Nf8 42. Rge5 Rxe5 43. fxe5 Nd7 44. Rc7 Nxe5 45. Rxb7 Nc4 46. Nd3 Re2 47. Nc5 Ne5 48. Rb8+ Kf7 49. Rd8 Rb2 50. Nxa6 Ke7 51. Rd5 Nf3+ 52. Kf1 Nxh2+ 53. Ke1 Ng4 54. b5 Nf6 55. Rg5 Kd6 56. b6 Kc6 57. Rxg7 Ne8 58. Rg6+ Nd6 59. Nc7 Ra2 60. Ne8 Kd5 1-0

[Event "CAN-ch"]
[Site "Toronto CAN"]
[Date "2024.03.30"]
[Round "6"]
[White "Cummings, David"]
[Black "Lawson, Eric"]
[Result "1/2-1/2"]
[WhiteElo "2333"]
[BlackElo "2192"]
[PlyCount "53"]
[GameId "2160767906027282"]
[EventDate "2024.03.27"]
[EventType "swiss"]
[EventRounds "10"]
[EventCountry "CAN"]
[SourceTitle "CBM 219 Extra"]
[Source "ChessBase"]
[SourceDate "2024.05.31"]
[SourceVersion "1"]
[SourceVersionDate "2024.05.31"]
[SourceQuality "1"]

1. Nf3 d5 2. e3 Nf6 3. c4 c6 4. Nc3 e6 5. b3 Bd6 6. Bb2 O-O 7. Be2 b6 8. d4 Bb7 9. O-O Nbd7 10. Qc2 Qe7 11. a4 a5 12. Rad1 Rfd8 13. Bd3 Bb4 14. Ne5 h6 15. h3 Rac8 16. e4 Bxc3 17. Bxc3 Nxe5 18. dxe5 Nxe4 19. Bxe4 dxe4 20. Qxe4 c5 21. Qg4 Qg5 22. Qxg5 hxg5 23. f3 Kf8 24. Kf2 Ke7 25. Ke3 f6 26. Rfe1 Bc6 27. Ke2 1/2-1/2

[Event "CAN-ch"]
[Site "Toronto CAN"]
[Date "2024.03.31"]
[Round "7"]
[White "Sai, Krishna GV"]
[Black "Cummings, David"]
[Result "1-0"]
[WhiteElo "2404"]
[BlackElo "2333"]
[PlyCount "57"]
[GameId "2160767906027315"]
[EventDate "2024.03.27"]
[EventType "swiss"]
[EventRounds "10"]
[EventCountry "CAN"]
[SourceTitle "CBM 219 Extra"]
[Source "ChessBase"]
[SourceDate "2024.05.31"]
[SourceVersion "1"]
[SourceVersionDate "2024.05.31"]
[SourceQuality "1"]

1. e4 c6 2. d4 d5 3. Nc3 dxe4 4. Nxe4 Nf6 5. Nxf6+ exf6 6. c3 Bd6 7. Bd3 O-O 8. Qc2 Re8+ 9. Ne2 h5 10. Be3 Nd7 11. O-O-O Nf8 12. c4 Be6 13. Nc3 Bb4 14. Kb1 Rc8 15. Ne4 Be7 16. h3 h4 17. g4 b5 18. c5 Bd5 19. Rhg1 Ne6 20. f4 b4 21. Qf2 Qa5 22. b3 Rcd8 23. g5 fxg5 24. fxg5 Bxe4 25. Bxe4 g6 26. Bxc6 Rf8 27. d5 Nxc5 28. Qxh4 Kg7 29. Bd4+ 1-0

[Event "CAN-ch"]
[Site "Toronto CAN"]
[Date "2024.04.01"]
[Round "8.13"]
[White "Cummings, David"]
[Black "Yang, Jingyun (Ryan)"]
[Result "1/2-1/2"]
[WhiteElo "2333"]
[BlackElo "2122"]
[PlyCount "84"]
[GameId "2160767906035549"]
[EventDate "2024.03.27"]
[EventType "swiss"]
[EventRounds "10"]
[EventCountry "CAN"]

1. Nf3 g6 2. e4 c5 3. c4 Bg7 4. d4 cxd4 5. Nxd4 Nc6 6. Be3 Nf6 7. Nc3 d6 8. h3 O-O 9. Be2 Nxd4 10. Bxd4 Be6 11. O-O Nd7 12. f4 Bxd4+ 13. Qxd4 Qb6 14. Qxb6 Nxb6 15. b3 Bd7 16. Bf3 Bc6 17. Ne2 Rfd8 18. Rfd1 Rab8 19. Rd2 Kf8 20. Rad1 Rdc8 21. Nd4 Be8 22. Nc2 Bc6 23. Ne3 Ke8 24. Kf2 a5 25. h4 h5 26. g4 hxg4 27. Nxg4 Rd8 28. e5 Bxf3 29. Kxf3 dxe5 30. Nxe5 Rxd2 31. Rxd2 Rc8 32. Ke4 Rc7 33. h5 gxh5 34. Rh2 Nd7 35. Nxd7 Kxd7 36. Rxh5 b6 37. Rh7 f6 38. Rh8 Rc5 39. Ra8 Rc6 40. Ra7+ Ke6 41. f5+ Kd6 42. Rb7 e6 1/2-1/2

[Event "Excelsior March op"]
[Site "Toronto CAN"]
[Date "2024.03.15"]
[Round "1.4"]
[White "Cummings, David"]
[Black "Qian, Ashley"]
[Result "1-0"]
[WhiteElo "2277"]
[BlackElo "1804"]
[PlyCount "125"]
[GameId "2160767740051111"]
[EventDate "2024.03.15"]
[EventType "swiss"]
[EventRounds "5"]
[EventCountry "CAN"]
[TimeControl "90+30"]
[WhiteClock "0:08:04"]
[BlackClock "0:04:37"]

1. d4 {[%emt 0:00:00]} d5 {[%emt 0:00:00]} 2. c4 {[%emt 0:00:00]} e6 {[%emt 0:00:00]} 3. Nc3 {[%emt 0:00:00]} Nf6 {[%emt 0:00:00]} 4. cxd5 {[%emt 0:00:00]} exd5 {[%emt 0:00:00]} 5. Bg5 {[%emt 0:00:00]} c6 {[%emt 0:00:00]} 6. e3 {[%emt 0:00:00]} Be7 {[%emt 0:00:00]} 7. Bd3 {[%emt 0:00:00]} Nbd7 {[%emt 0:00:00]} 8. Qc2 {[%emt 0:00:00]} h6 {[%emt 0:00:00]} 9. Bh4 {[%emt 0:00:00]} Nh5 {[%emt 0:00:00]} 10. Bxe7 {[%emt 0:00:00]} Qxe7 {[%emt 0:00:00]} 11. Nge2 {[%emt 0:00:00]} Nhf6 {[%emt 0:00:00]} 12. O-O {[%emt 0:00:00]} O-O {[%emt 0:00:00]} 13. Rae1 {[%emt 0:00:00]} Qd8 {[%emt 0:00:00]} 14. Nc1 {[%emt 0:00:00]} Re8 {[%emt 0:00:00]} 15. b4 {[%emt 0:00:00]} Nf8 {[%emt 0:00:00]} 16. Nb3 {[%emt 0:00:00]} Ne6 {[%emt 0:00:00]} 17. a4 {[%emt 0:00:00]} b6 {[%emt 0:00:00]} 18. Nd2 {[%emt 0:00:00]} Bb7 {[%emt 0:00:00]} 19. Nf3 {[%emt 0:00:00]} Rc8 {[%emt 0:00:00]} 20. Rb1 {[%emt 0:00:00]} Qe7 {[%emt 0:00:00]} 21. Qb2 {[%emt 0:00:00]} Ba8 {[%emt 0:00:00]} 22. Rfd1 {[%emt 0:00:00]} Red8 {[%emt 0:00:00]} 23. Ba6 {[%emt 0:00:00]} Bb7 {[%emt 0:00:00]} 24. Bf1 {[%emt 0:00:00]} Ba8 {[%emt 0:00:17]} 25. Rbc1 {[%emt 0:00:00]} Bb7 {[%emt 0:01:24]} 26. a5 {[%emt 0:00:00]} Nd7 {[%emt 0:06:45]} 27. Rb1 {[%emt 0:00:00]} Rb8 {[%emt 0:01:10]} 28. Qa2 {[%emt 0:00:00]} Qd6 {[%emt 0:02:03]} 29. Qc2 {[%emt 0:00:00]} Rbc8 {[%emt 0:00:45]} 30. Qb3 {[%emt 0:00:00]} Nf6 {[%emt 0:01:11]} 31. Ne5 {[%emt 0:00:03]} Qc7 {[%emt 0:01:03]} 32. f4 {[%emt 0:01:51]} Rb8 {[%emt 0:01:38]} 33. a6 {[%emt 0:01:01]} Ba8 {[%emt 0:00:08]} 34. Rbc1 {[%emt 0:01:44]} Qd6 {[%emt 0:00:23]} 35. Bd3 {[%emt 0:01:23]} Rbc8 {[%emt 0:00:32]} 36. Bb1 {[%emt 0:01:13]} Qe7 {[%emt 0:00:57]} 37. Ne2 {[%emt 0:01:00]} Nf8 {[%emt 0:00:44]} 38. Ng3 {[%emt 0:00:30]} Qe6 {[%emt 0:00:46]} 39. Bf5 {[%emt 0:01:25]} Qd6 {[%emt 0:00:12]} 40. Bxc8 {[%emt 0:00:07]} Rxc8 {[%emt 0:00:07]} 41. Rc3 {[%emt 0:01:54]} N6d7 {[%emt 0:00:46]} 42. Rdc1 {[%emt 0:00:33]} Nxe5 {[%emt 0:00:22]} 43. fxe5 {[%emt 0:00:11]} Qe6 {[%emt 0:00:30]} 44. Qc2 {[%emt 0:00:30]} Re8 {[%emt 0:01:11]} 45. Nf5 {[%emt 0:00:45]} Nh7 {[%emt 0:00:29]} 46. b5 {[%emt 0:01:40]} c5 {[%emt 0:00:31]} 47. dxc5 {[%emt 0:00:20]} Qxe5 {[%emt 0:00:14]} 48. cxb6 {[%emt 0:00:21]} axb6 {[%emt 0:00:23]} 49. Rc8 {[%emt 0:01:36]} Nf8 {[%emt 0:00:15]} 50. Rxe8 {[%emt 0:00:59]} Qxe8 {[%emt 0:00:05]} 51. Qc8 {[%emt 0:01:48]} Qe5 {[%emt 0:00:26]} 52. Qxa8 {[%emt 0:00:18]} Qxf5 {[%emt 0:00:11]} 53. a7 {[%emt 0:00:12]} Qe5 {[%emt 0:00:10]} 54. Qc8 {[%emt 0:01:10]} Qxe3+ {[%emt 0:00:09]} 55. Kh1 {[%emt 0:00:03]} Kh7 {[%emt 0:00:22]} 56. a8=Q {[%emt 0:00:12]} Ne6 {[%emt 0:00:10]} 57. Qxd5 {[%emt 0:00:15]} Qf4 {[%emt 0:00:36]} 58. Qd3+ {[%emt 0:00:25]} g6 {[%emt 0:00:07]} 59. Rf1 {[%emt 0:00:16]} Qe5 {[%emt 0:00:21]} 60. Rxf7+ {[%emt 0:00:14]} Ng7 {[%emt 0:00:07]} 61. Qcc3 {[%emt 0:00:45]} Qxc3 {[%emt 0:00:17]} 62. Qxc3 {[%emt 0:00:06]} Kg8 {[%emt 0:00:06]} 63. Qxg7# {[%emt 0:00:06]} 1-0

[Event "Excelsior March op"]
[Site "Toronto CAN"]
[Date "2024.03.16"]
[Round "2.4"]
[White "Ruchinskaya, Valerie"]
[Black "Cummings, David"]
[Result "0-1"]
[WhiteElo "1743"]
[BlackElo "2277"]
[PlyCount "56"]
[GameId "2160767740051119"]
[EventDate "2024.03.15"]
[EventType "swiss"]
[EventRounds "5"]
[EventCountry "CAN"]
[TimeControl "90+30"]
[WhiteClock "0:15:44"]
[BlackClock "0:42:25"]

1. d4 {[%emt 0:00:00]} Nf6 {[%emt 0:00:00]} 2. c4 {[%emt 0:00:00]} e6 {[%emt 0:00:00]} 3. Nc3 {[%emt 0:00:00]} Bb4 {[%emt 0:00:00]} 4. f3 {[%emt 0:00:00]} c5 {[%emt 0:00:00]} 5. d5 {[%emt 0:00:00]} b5 {[%emt 0:00:00]} 6. e4 {[%emt 0:00:00]} O-O {[%emt 0:00:00]} 7. e5 {[%emt 0:00:00]} Ne8 {[%emt 0:00:00]} 8. f4 {[%emt 0:00:00]} d6 {[%emt 0:00:00]} 9. Nf3 {[%emt 0:00:00]} exd5 {[%emt 0:00:00]} 10. Qxd5 {[%emt 0:00:00]} Qc7 {[%emt 0:00:00]} 11. Bd3 {[%emt 0:00:00]} Bb7 {[%emt 0:00:00]} 12. exd6 {[%emt 0:00:00]} Nxd6 {[%emt 0:00:00]} 13. Qh5 {[%emt 0:00:00]} Bxc3+ {[%emt 0:00:00]} 14. bxc3 {[%emt 0:00:00]} Re8+ {[%emt 0:00:00]} 15. Kf2 {[%emt 0:00:00]} g6 {[%emt 0:00:00]} 16. Qh3 {[%emt 0:00:00]} bxc4 {[%emt 0:00:00]} 17. Bb1 {[%emt 0:00:00]} f5 {[%emt 0:00:00]} 18. Bd2 {[%emt 0:00:00]} Nd7 {[%emt 0:00:00]} 19. g4 {[%emt 0:00:00]} fxg4 {[%emt 0:00:00]} 20. Qxg4 {[%emt 0:00:00]} Nf6 {[%emt 0:00:00]} 21. Qg2 {[%emt 0:00:00]} Nde4+ {[%emt 0:00:00]} 22. Ke2 {[%emt 0:00:00]} Nxd2+ {[%emt 0:00:00]} 23. Kxd2 {[%emt 0:00:00]} Qxf4+ {[%emt 0:00:00]} 24. Kc2 {[%emt 0:00:00]} Bxf3 {[%emt 0:00:00]} 25. Rf1 {[%emt 0:00:00]} Qe4+ {[%emt 0:00:00]} 26. Kc1 {[%emt 0:00:00]} Bxg2 {[%emt 0:00:00]} 27. Bxe4 {[%emt 0:00:00]} Bxf1 {[%emt 0:00:00]} 28. Bxa8 {[%emt 0:00:00]} Rxa8 {[%emt 0:00:00]} 0-1

[Event "Excelsior March op"]
[Site "Toronto CAN"]
[Date "2024.03.17"]
[Round "4.2"]
[White "Cummings, David"]
[Black "Xu, Ryan (Zhuoyuan)"]
[Result "1-0"]
[WhiteElo "2277"]
[BlackElo "1757"]
[PlyCount "63"]
[GameId "2160767740051133"]
[EventDate "2024.03.15"]
[EventType "swiss"]
[EventRounds "5"]
[EventCountry "CAN"]
[TimeControl "90+30"]
[WhiteClock "0:18:26"]
[BlackClock "0:44:07"]

1. c4 {[%emt 0:00:00]} c6 {[%emt 0:00:00]} 2. Nf3 {[%emt 0:00:00]} Nf6 {[%emt 0:00:00]} 3. Nc3 {[%emt 0:00:00]} d5 {[%emt 0:00:00]} 4. e3 {[%emt 0:00:00]} e6 {[%emt 0:00:00]} 5. b3 {[%emt 0:00:00]} Nbd7 {[%emt 0:00:00]} 6. Qc2 {[%emt 0:00:00]} Bd6 {[%emt 0:00:00]} 7. Bb2 {[%emt 0:00:00]} O-O {[%emt 0:00:00]} 8. Be2 {[%emt 0:00:00]} b6 {[%emt 0:00:00]} 9. Rg1 {[%emt 0:00:00]} Bb7 {[%emt 0:00:00]} 10. g4 {[%emt 0:00:00]} c5 {[%emt 0:00:00]} 11. g5 {[%emt 0:00:00]} Ne4 {[%emt 0:00:00]} 12. cxd5 {[%emt 0:00:00]} exd5 {[%emt 0:00:00]} 13. Nxe4 {[%emt 0:00:00]} dxe4 {[%emt 0:00:00]} 14. Qc3 {[%emt 0:00:00]} f6 {[%emt 0:00:00]} 15. gxf6 {[%emt 0:00:00]} Rxf6 {[%emt 0:00:00]} 16. Bb5 {[%emt 0:00:00]} Kh8 {[%emt 0:00:00]} 17. Bxd7 {[%emt 0:00:00]} exf3 {[%emt 0:00:00]} 18. Bf5 {[%emt 0:00:00]} Qe7 {[%emt 0:00:00]} 19. O-O-O {[%emt 0:00:00]} Rg8 {[%emt 0:00:00]} 20. Rg5 {[%emt 0:00:00]} h6 {[%emt 0:00:00]} 21. Rg6 {[%emt 0:00:00]} Rxg6 {[%emt 0:00:00]} 22. Bxg6 {[%emt 0:00:00]} Qg5 {[%emt 0:00:00]} 23. Bb1 {[%emt 0:00:00]} Rd8 {[%emt 0:00:00]} 24. h4 {[%emt 0:00:00]} Qg4 {[%emt 0:00:00]} 25. Qd3 {[%emt 0:00:00]} Kg8 {[%emt 0:00:00]} 26. Qh7+ {[%emt 0:00:00]} Kf7 {[%emt 0:00:00]} 27. h5 {[%emt 0:00:00]} Bf8 {[%emt 0:00:00]} 28. Bg6+ {[%emt 0:00:00]} Ke6 {[%emt 0:00:00]} 29. Bxg7 {[%emt 0:00:00]} Bd6 {[%emt 0:00:00]} 30. Bc3 {[%emt 0:00:00]} Be7 {[%emt 0:00:00]} 31. Qf7+ {[%emt 0:00:00]} Kd6 {[%emt 0:00:00]} 32. Be5+ {[%emt 0:00:00]} 1-0